000 00459nam a2200181Ia 4500
001 24268
005 20260414151032.0
008 260414t2022||||xx |||||||||||||| ||spa||
041 _aESP
082 _a345.2
_bE88
100 _aEspinoza Ramos, Benji
_eAUT
245 0 _aCódigo procesal penal didáctico :
_bexplicado en diagramas
260 _c2022
300 _a846 páginas :
_c25 cm.
650 _aDER
654 _aCDE
942 _cLIB
_dJUS
_fJUS
_2ddc
_n
999 _c24268
_d24268